|
|
|
|
| LEADER |
00000nam a2200000 a 4500 |
| 001 |
UCX3861 |
| 003 |
CL-VaPUC |
| 008 |
920114e19860000CL |||||||||||||||||spa|d |
| 082 |
0 |
4 |
|a 291.9
|b SEC
|2 21
|
| 110 |
2 |
|
|a Secretariado para la Unidad de los Cristianos
|e author
|9 320071
|
| 245 |
1 |
4 |
|a Las Sectas o nuevos movimientos religiosos
|
| 300 |
|
|
|a 39 p
|
| 942 |
|
|
|c BK
|
| 945 |
|
|
|d 19920114 00:00:00
|
| 260 |
|
|
|a Santiago
|b Paulinas
|c 1986
|
| 650 |
|
0 |
|a Sectas
|9 320072
|
| 583 |
|
|
|a last modification
|c 19920114 00:00:00
|k Rodrigo Vera
|
| 999 |
|
|
|c 224501
|d 224499
|
| 952 |
|
|
|0 0
|1 0
|4 0
|6 291_900000000000000_SEC_1986
|7 0
|8 A
|9 221185
|a BIBTEO
|b BIBTEO
|d 2019-11-15
|i 2899485
|o 291.9 SEC 1986
|p 2899485
|r 2025-01-17
|w 2019-11-15
|y BK
|k ICR
|